00478cam a2200121 a 4500003000900000008004100009040002800050100002700078245012000105260007100225300002200296650003800318EG-GiCUC080809s1971 ru g 000 0 ara d aEG-GiCUCbaracEG-GiCUC1 aايفانوفا : ل.10aهندسة وصناعة تكرير البترول / cل.ايفانوفا : م.كورنييف : ف.يوزباشيف aموسكو : bدار مير للطباعة و النشر : c1971 a448ص ؛ c22سم 7aالبترولxتكرير2qrmak